000 00341nam a2200133Ia 4500
005 20260326100042.0
008 260326s9999||||xx |||||||||||||| ||und||
100 _aHilowitz, Beverly
245 0 _aHistoric House of America /
_cBeverly Hilowitz
260 _bFireside Book
300 _a350 p.
650 _aARQUITECTURA REGIONAL
942 _cBK
999 _c7055
_d7055